| 000 | 00615nam a2200169Ia 4500 | ||
|---|---|---|---|
| 003 | GCL | ||
| 008 | 140319s9999 xx 000 0 ara d | ||
| 040 |
_aGCL / _cGCL |
||
| 082 | 0 | 4 |
_a250 _bا م |
| 100 | 1 | _aالشافعى، ابوعبدالله محمد بن ادريس، 767-819 م | |
| 245 | 1 | 0 |
_aمسند الامام الشافعى / _cالشافعى، ابوعبدالله محمد بن ادريس، 767-819 م |
| 260 |
_a[S.N] : _bدار الكتب العلمية للنشر والتوزيع ، _c1980 |
||
| 300 | _a390 ص | ||
| 490 | _a | ||
| 650 | 0 | 4 | _aالشريعة الاسلامية |
| 942 |
_2ddc _cBK |
||
| 999 |
_c52365 _d52365 |
||